000 01200cam a2200301 i 4500
001 969885
003 EG-ScBUE
005 20241003095207.0
008 850603r20081986enka f b 001 0 eng d
020 _a0521056772
020 _a9780521056779 (paperback)
040 _aDLC
_beng
_erda
_cDLC
_dDLC
_dEG-ScBUE
082 0 4 _a515
_222
_bSEN
100 1 _aSenior, Thomas B. A.,
_eauthor.
_93584
245 1 0 _aMathematical methods in electrical engineering /
_cThomas B. A. Senior, Department of Electrical Engineering and Computer Science, University of Michigan.
250 _aReprint edition.
264 1 _aCambridge ;
_aNew York :
_bCambridge University Press,
_c2008.
300 _aviii, 272 pages :
_billustrations ;
_c24 cm
336 _2rdacontent
_atext
_btxt
337 _aunmediated
_2rdamedia
_bn
338 _avolume
_bnc
_2rdacarrier
504 _aIncludes bibliographical references and index.
650 7 _aElectrical engineering
_xMathematics.
_2BUEsh
_93585
655 _vReading book
856 4 2 _3Publisher description
_uhttp://www.loc.gov/catdir/description/cam023/85013275.html
856 4 1 _3Table of contents
_uhttp://www.loc.gov/catdir/toc/cam029/85013275.html
942 _2ddc
_cBB
999 _c11278
_d11278